| 000 | 01004nam a2200253 4500 | ||
|---|---|---|---|
| 005 | 20240530110950.0 | ||
| 008 | 221212s2022 ua acf g b 000 0 ara d | ||
| 017 |
_a2022/3228 _bمصر. دار الكتب |
||
| 020 | _a9789776809833 | ||
| 040 |
_aEG-CaGPL _cEG-CaGPL |
||
| 082 | 0 | 4 |
_221 _a222.8 _bآ أ |
| 100 | 0 | _aاية وليد حامد ابراهيم | |
| 245 | 1 | 0 |
_aاضواء جديدة على مصاحف اللفافة الرول النادرة بدار الكتب المصرية / _cاعداد اية وليد حامد ابراهيم |
| 250 | _aط.1 | ||
| 260 |
_aالقاهرة : _bالمؤسسة الدولية للكناب، _c2022. |
||
| 300 |
_a687 ص. : _bايض ؛ _c24 سم. |
||
| 504 | _aيشتمل على ارجاعات ببليوجرافية | ||
| 650 | 0 | 7 |
_2qrmak _aالمصاحف _xزخرفة |
| 650 | 0 | 7 |
_2qrmak _aالمصاحف _xضبط |
| 650 | 0 | 7 |
_2qrmak _aالمصاخف _xطباعة |
| 651 | _2qrmak | ||
| 942 |
_2ddc _cBK |
||
| 999 |
_c66987 _d66987 |
||